[Event "Belgrade Trophy 35th"]
[Site "Belgrade"]
[Date "2021.11.27"]
[Round "4"]
[White "Velickovic, Sasa"]
[Black "Petrovic, Aleksa"]
[Result "0-1"]
[WhiteElo "2235"]
[BlackElo "2194"]
[PlyCount "138"]
[EventDate "2021.11.24"]
[EventType "swiss"]
[EventRounds "9"]
[EventCountry "SRB"]
[SourceTitle "CBM 205 Extra"]
[Source "ChessBase"]
[SourceDate "2022.01.31"]
[SourceVersion "1"]
[SourceVersionDate "2022.01.31"]
[SourceQuality "1"]

1. e4 e5 2. Nf3 Nc6 3. Bb5 a6 4. Ba4 Nf6 5. d3 d6 6. c3 g6 7. 0-0 Bg7 8. Re1 0-0 9. h3 Re8 10. Nbd2 b5 11. Bc2 Nb8 12. a4 Bb7 13. b4 c5 14. Nb3 cxb4 15. cxb4 Nc6 16. Bd2 Nd7 17. Qb1 Qb8 18. Rc1 Nf8 19. axb5 axb5 20. Na5 Ne6 21. Nxc6 Bxc6 22. Bb3 Rxa1 23. Qxa1 Qb7 24. Qa2 h6 25. Be3 Ra8 26. Qc2 Nd8 27. Qd2 Kh7 28. h4 f5 29. h5 gxh5 30. Qd1 f4 31. Bd2 Qe7 32. d4 Bxe4 33. dxe5 dxe5 34. Qe2 Bg6 35. Bd5 Ra7 36. Re1 Qd6 37. Qxb5 Nf7 38. Qc6 Rd7 39. Be4 Bxe4 40. Qxe4+ Qg6 41. b5 Qxe4 42. Rxe4 Ng5 43. Nxg5+ hxg5 44. Bc3 Rb7 45. Rb4 e4 46. Bxg7 Kxg7 47. b6 Kf6 48. Rb5 Kg6 49. Kh2 h4 50. Kh3 Kh5 51. f3 e3 52. Rb2 Kg6 53. Kg4 h3 54. g3 h2 55. Rxh2 Rxb6 56. gxf4 Rb4 57. Ra2 gxf4 58. Ra6+ Kf7 59. Kf5 Rd4 60. Ra7+ Ke8 61. Ra1 Kd7 62. Ke5 Rb4 63. Kd5 Kc7 64. Rc1+ Kb6 65. Rc8 Kb5 66. Ra8 Rb3 67. Kd4 e2 68. Ra1 Rxf3 69. Re1 Re3 0-1

[Event "Novi Sad TS07 Mix"]
[Site "Novi Sad"]
[Date "2021.07.23"]
[Round "7"]
[White "Velickovic, Sasa"]
[Black "Tasev, Dejan"]
[Result "0-1"]
[WhiteElo "2281"]
[BlackElo "2246"]
[PlyCount "92"]
[EventDate "2021.07.18"]
[EventType "swiss"]
[EventRounds "9"]
[EventCountry "SRB"]
[SourceTitle "CBM 203 Extra"]
[Source "ChessBase"]
[SourceDate "2021.09.30"]
[SourceVersion "1"]
[SourceVersionDate "2021.09.30"]
[SourceQuality "1"]

1. e4 d6 2. d4 Nf6 3. Bd3 g6 4. Nf3 Bg7 5. 0-0 0-0 6. c3 c5 7. Re1 Nc6 8. Nbd2 Nd7 9. dxc5 Nxc5 10. Bf1 b6 11. Nb3 Bb7 12. Nxc5 bxc5 13. Qc2 Rb8 14. b3 Qa5 15. Bb2 Qc7 16. Rab1 h6 17. g3 a5 18. Bg2 e5 19. Rbd1 Ne7 20. Rd2 Rbd8 21. c4 Nc6 22. Qd1 Nd4 23. Bxd4 exd4 24. Rd3 Rfe8 25. Nd2 Re7 26. Rf1 Rde8 27. f3 f5 28. g4 Rf8 29. h3 Ref7 30. Qe1 fxg4 31. hxg4 Be5 32. Kf2 Qe7 33. Ke2 Bc6 34. a4 Qb7 35. Qa1 Bf4 36. Qa2 Qb4 37. Qc2 Kg7 38. Qd1 Bd7 39. Bh3 Rb8 40. Qc2 Qb6 41. Rg1 Qd8 42. Nf1 Qg5 43. Kd1 Be8 44. Qa2 Rfb7 45. Bg2 Rb4 46. Kc2 Qh4 0-1

[Event "Belgrade Serbia op"]
[Site "Belgrade"]
[Date "2021.07.06"]
[Round "7"]
[White "Rakshitta, Ravi"]
[Black "Velickovic, Sasa"]
[Result "0-1"]
[WhiteElo "2190"]
[BlackElo "2281"]
[PlyCount "86"]
[EventDate "2021.07.02"]
[EventType "swiss"]
[EventRounds "9"]
[EventCountry "SRB"]
[SourceTitle "EXT 2022"]
[Source "ChessBase"]
[SourceDate "2021.10.06"]
[SourceVersion "1"]
[SourceVersionDate "2021.10.06"]
[SourceQuality "1"]

1. e4 c5 2. Nf3 e6 3. d4 cxd4 4. Nxd4 Nf6 5. Nc3 d6 6. g3 a6 7. Bg2 Be7 8. 0-0 Qc7 9. Re1 0-0 10. a4 Nc6 11. Nxc6 bxc6 12. e5 dxe5 13. Qe2 Nd5 14. Qc4 Nb4 15. Ne4 a5 16. Nc5 Rd8 17. Be3 Nd5 18. Qe2 Rb8 19. Rab1 f5 20. c3 e4 21. Na6 Bxa6 22. Qxa6 Nxe3 23. Rxe3 Rd5 24. Qc4 Qd6 25. Bf1 Kf7 26. Ree1 h5 27. Qa6 h4 28. Bc4 hxg3 29. hxg3 Re5 30. Qa7 Rd8 31. b4 Kf6 32. Qe3 g5 33. Re2 axb4 34. cxb4 Qd4 35. f4 exf3 36. Qxd4 Rxd4 37. Rxe5 Kxe5 38. Bb3 Bxb4 39. Rc1 Kd6 40. Kf2 g4 41. Ke3 Bc5 42. Rc3 Re4+ 43. Kd3 f2 0-1

[Event "Belgrade Serbia op"]
[Site "Belgrade"]
[Date "2021.07.06"]
[Round "6"]
[White "Velickovic, Sasa"]
[Black "Djukic, Sandra"]
[Result "1-0"]
[WhiteElo "2281"]
[BlackElo "2172"]
[PlyCount "101"]
[EventDate "2021.07.02"]
[EventType "swiss"]
[EventRounds "9"]
[EventCountry "SRB"]
[SourceTitle "EXT 2022"]
[Source "ChessBase"]
[SourceDate "2021.10.06"]
[SourceVersion "1"]
[SourceVersionDate "2021.10.06"]
[SourceQuality "1"]

1. e4 c6 2. d4 d5 3. exd5 cxd5 4. Bd3 Nc6 5. c3 Nf6 6. h3 g6 7. Bf4 Bf5 8. Ne2 e6 9. Qc2 Bd6 10. Nd2 Bxf4 11. Nxf4 Qc7 12. Ne2 0-0-0 13. g4 Bxd3 14. Qxd3 h5 15. Qf3 Ne8 16. 0-0-0 Nd6 17. Kb1 Kb8 18. Nf4 h4 19. Nd3 Ka8 20. Rhe1 b5 21. Qf4 Rc8 22. Rc1 Nc4 23. Qxc7 Nxd2+ 24. Kc2 Rxc7 25. Kxd2 a5 26. f4 Kb7 27. a3 Kb6 28. Rf1 Ne7 29. Rce1 Rhc8 30. Re5 Nc6 31. Ree1 b4 32. f5 exf5 33. gxf5 g5 34. f6 bxc3+ 35. bxc3 Nd8 36. Rb1+ Ka7 37. Rb5 Rxc3 38. Rxa5+ Kb6 39. Rxd5 Rxa3 40. Rb1+ Ka7 41. Nc5 g4 42. hxg4 h3 43. Ke2 h2 44. Kf2 Ra2+ 45. Kg3 Nc6 46. Ne4 Rb8 47. Rh1 Rb3+ 48. Kf4 Rd3 49. Rd7+ Kb6 50. Rb1+ Ka5 51. Rd5+ 1-0

[Event "Belgrade Serbia op"]
[Site "Belgrade"]
[Date "2021.07.05"]
[Round "5"]
[White "Petrovic, Aleksa"]
[Black "Velickovic, Sasa"]
[Result "1-0"]
[WhiteElo "2142"]
[BlackElo "2281"]
[PlyCount "77"]
[EventDate "2021.07.02"]
[EventType "swiss"]
[EventRounds "9"]
[EventCountry "SRB"]
[SourceTitle "CBM 203 Extra"]
[Source "ChessBase"]
[SourceDate "2021.09.30"]
[SourceVersion "1"]
[SourceVersionDate "2021.09.30"]
[SourceQuality "1"]

1. e4 c5 2. Nf3 e6 3. d4 cxd4 4. Nxd4 Nf6 5. Nc3 d6 6. Be3 a6 7. g4 b5 8. g5 Nfd7 9. a3 Bb7 10. Qh5 g6 11. Qh4 Nc5 12. f4 Nbd7 13. Bg2 h6 14. b4 Na4 15. Nxa4 bxa4 16. f5 exf5 17. 0-0 Qe7 18. Rae1 fxe4 19. b5 Bg7 20. Nc6 Bxc6 21. bxc6 Ne5 22. Qxe4 hxg5 23. Qxa4 0-0 24. Be4 g4 25. Kh1 Kh7 26. Rb1 Qh4 27. Bf2 Qg5 28. Bg2 Kg8 29. Bg3 f5 30. Bf4 Qf6 31. Bd5+ Kh8 32. Rb7 g5 33. Be3 f4 34. c7 Rac8 35. Qe4 Qh6 36. Bg1 g3 37. Rb8 Rxb8 38. cxb8Q Rxb8 39. Qf5 1-0

[Event "Belgrade Spring op"]
[Site "Belgrade"]
[Date "2021.04.05"]
[Round "5"]
[White "Thybo, Jesper Sondergaard"]
[Black "Velickovic, Sasa"]
[Result "1/2-1/2"]
[WhiteElo "2568"]
[BlackElo "2274"]
[PlyCount "254"]
[EventDate "2021.04.02"]
[EventType "swiss"]
[EventRounds "9"]
[EventCountry "SRB"]
[SourceTitle "CBM 202 Extra"]
[Source "ChessBase"]
[SourceDate "2021.07.31"]
[SourceVersion "1"]
[SourceVersionDate "2021.07.31"]
[SourceQuality "1"]

1. Nf3 c5 2. c4 g6 3. d4 Bg7 4. e4 d6 5. Nc3 Na6 6. Be2 cxd4 7. Nxd4 Nf6 8. 0-0 0-0 9. Be3 Nc5 10. f3 Ne6 11. Qd2 Nxd4 12. Bxd4 Be6 13. Rad1 a6 14. b3 Nd7 15. f4 Bxd4+ 16. Qxd4 f6 17. Kh1 Qb6 18. Qd2 Kh8 19. h3 Rg8 20. Nd5 Qd8 21. Ne3 g5 22. Bg4 gxf4 23. Rxf4 Bxg4 24. Nxg4 Rg6 25. Qd5 b6 26. Ne3 Qg8 27. Rf2 Rd8 28. Qd4 Rb8 29. Nf5 Qe8 30. b4 Rc8 31. Rc2 Rd8 32. Qe3 Ra8 33. Qb3 a5 34. a3 axb4 35. axb4 Rg8 36. Ra2 Rxa2 37. Qxa2 Qd8 38. c5 bxc5 39. Nh6 Rf8 40. Nf7+ Rxf7 41. Qxf7 cxb4 42. Rb1 Ne5 43. Qe6 Qc7 44. Ra1 Kg7 45. Rb1 Qd7 46. Qb3 Qb7 47. Qe6 Qd7 48. Qd5 Qc7 49. Kh2 Qc5 50. Rb3 Ng6 51. Rg3 Qxd5 52. exd5 f5 53. Re3 Kf6 54. Re6+ Kg5 55. Kg3 f4+ 56. Kf2 b3 57. Re2 Kf5 58. Ke1 Ne5 59. Kd2 e6 60. dxe6 Kxe6 61. Re4 b2 62. Kc2 Kf5 63. Rd4 f3 64. gxf3 Nxf3 65. Rxd6 h5 66. Rd5+ Ne5 67. Kxb2 Kf4 68. Kc3 h4 69. Kd2 Nf3+ 70. Kd1 Kg3 71. Rd3 Kg2 72. Ra3 Ng1 73. Ra8 Nxh3 74. Ke1 Nf4 75. Rg8+ Kf3 76. Kf1 Ke3 77. Kg1 Kf3 78. Kh2 Ke4 79. Rg4 Kf3 80. Rxh4 Ne2 81. Rh8 Nf4 82. Rf8 Kg4 83. Rg8+ Kf3 84. Rg3+ Ke4 85. Ra3 Nd3 86. Kg3 Nc5 87. Ra8 Nd3 88. Ra4+ Ke3 89. Kg4 Nb2 90. Ra3+ Ke4 91. Ra8 Nd3 92. Re8+ Kd4 93. Kf5 Nc5 94. Re1 Nd3 95. Re4+ Kd5 96. Re8 Kd4 97. Rd8+ Ke3 98. Rd5 Nf2 99. Re5+ Kf3 100. Re7 Ng4 101. Rc7 Ne3+ 102. Ke5 Ng4+ 103. Kd4 Kf4 104. Rf7+ Kg5 105. Rf1 Nf6 106. Ke5 Ng4+ 107. Ke6 Ne3 108. Rf2 Kg4 109. Ke5 Kg3 110. Rf8 Ng4+ 111. Kf5 Nf2 112. Ra8 Kf3 113. Ra3+ Ke2 114. Kf4 Nd3+ 115. Ke4 Nf2+ 116. Kd4 Nd1 117. Rh3 Nf2 118. Re3+ Kd2 119. Re8 Nd1 120. Rb8 Ke2 121. Rb3 Kd2 122. Rd3+ Ke2 123. Ra3 Nf2 124. Re3+ Kd2 125. Re7 Nd1 126. Re8 Nf2 127. Re2+ Kxe2 1/2-1/2

[Event "SRB-chT Premier"]
[Site "Ruma"]
[Date "2020.10.03"]
[Round "11.5"]
[White "Velickovic, Sasa"]
[Black "Ratkovic, Miloje"]
[Result "0-1"]
[WhiteElo "2307"]
[BlackElo "2487"]
[PlyCount "68"]
[EventDate "2020.09.25"]
[EventType "team-tourn"]
[EventRounds "11"]
[EventCountry "SRB"]
[SourceTitle "CBM 198 Extra"]
[Source "ChessBase"]
[SourceDate "2020.11.30"]
[SourceVersion "1"]
[SourceVersionDate "2020.11.30"]
[SourceQuality "1"]
[WhiteTeam "Belgrade Crvena Zvezda"]
[BlackTeam "Elemir Naftagas"]
[WhiteTeamCountry "SRB"]
[BlackTeamCountry "SRB"]

1. e4 c6 2. d4 d5 3. exd5 cxd5 4. Bd3 Nc6 5. c3 Nf6 6. h3 g6 7. Nf3 Bg7 8. 0-0 0-0 9. Bf4 Nh5 10. Bh2 Bh6 11. Re1 Nf4 12. Bf1 Bf5 13. Na3 e6 14. Nc2 Be4 15. g3 Nh5 16. Ne5 Nxe5 17. dxe5 f6 18. Ne3 fxe5 19. Ng4 Bg7 20. Qb3 Qc7 21. Rxe4 dxe4 22. Qxe6+ Kh8 23. Bg2 Rad8 24. Bxe4 Nf6 25. Bf3 Nxg4 26. Qxg4 Qf7 27. Bg2 Qxf2+ 28. Kh1 Qxb2 29. Rg1 Qxc3 30. Bxb7 Rd4 31. Qe6 Qc2 32. h4 e4 33. h5 Rd2 34. Qh3 Rff2 0-1

[Event "SRB-ch sf"]
[Site "Novi Banovci"]
[Date "2020.03.01"]
[Round "9"]
[White "Abramovic, Bosko"]
[Black "Velickovic, Sasa"]
[Result "0-1"]
[WhiteElo "2360"]
[BlackElo "2295"]
[PlyCount "136"]
[EventDate "2020.02.24"]
[EventType "swiss"]
[EventRounds "9"]
[EventCountry "SRB"]
[SourceTitle "CBM 195 Extra"]
[Source "ChessBase"]
[SourceDate "2020.05.31"]
[SourceVersion "1"]
[SourceVersionDate "2020.05.31"]
[SourceQuality "1"]

1. c4 e5 2. Nc3 Nc6 3. g3 g6 4. Bg2 Bg7 5. d3 d6 6. e3 Be6 7. Nge2 h5 8. h3 f5 9. b3 Bf7 10. Bb2 Nge7 11. Nd5 Nxd5 12. cxd5 Ne7 13. e4 h4 14. Nc3 hxg3 15. fxg3 c6 16. dxc6 bxc6 17. 0-0 0-0 18. Qe2 Qd7 19. Rae1 Rae8 20. Nb1 Be6 21. Kh2 Bh6 22. Nd2 c5 23. Nf3 f4 24. g4 a5 25. Bc3 Ra8 26. Qd2 Nc6 27. Rb1 Rfb8 28. Rfc1 Rb7 29. Rb2 Qd8 30. Rcb1 Rab8 31. Qe1 Bg7 32. Nd2 Bf6 33. Nc4 Bh4 34. Qe2 Rh7 35. Kg1 Rhb7 36. Qd2 Ra8 37. Bf3 Qc7 38. Kg2 Bd8 39. Kg1 Qe7 40. Kg2 Bc7 41. Bd1 Kf7 42. Bf3 Rba7 43. Qf2 Rh8 44. Rh1 Bd8 45. Kf1 Ke8 46. Ke2 Qd7 47. Kd1 Bh4 48. Qd2 Qc7 49. Kc2 Kd7 50. Qd1 Bf2 51. g5 Bd4 52. Bg4 Ke7 53. Bxe6 Kxe6 54. Qg4+ Ke7 55. Bxd4 Nxd4+ 56. Kb1 Raa8 57. h4 Rh5 58. a3 Nc6 59. Ka2 Rb8 60. Rh3 Qa7 61. Rh1 Rbh8 62. Rbh2 Nd4 63. Rh3 Rb8 64. Rb1 a4 65. bxa4 Rxb1 66. Kxb1 Qxa4 67. Qg2 Qd1+ 68. Ka2 Qb3+ 0-1

[Event "SRB-ch sf"]
[Site "Novi Banovci"]
[Date "2020.02.25"]
[Round "2"]
[White "Velickovic, Sasa"]
[Black "Damljanovic, Branko"]
[Result "0-1"]
[WhiteElo "2295"]
[BlackElo "2495"]
[PlyCount "68"]
[EventDate "2020.02.24"]
[EventType "swiss"]
[EventRounds "9"]
[EventCountry "SRB"]
[SourceTitle "CBM 195 Extra"]
[Source "ChessBase"]
[SourceDate "2020.05.31"]
[SourceVersion "1"]
[SourceVersionDate "2020.05.31"]
[SourceQuality "1"]

1. e4 c5 2. Nc3 e6 3. Nge2 a6 4. a4 Nc6 5. g3 Nf6 6. Bg2 Qc7 7. h3 Be7 8. 0-0 0-0 9. d3 b6 10. f4 Bb7 11. Be3 Rad8 12. Nb1 Ne8 13. Nd2 d5 14. exd5 exd5 15. Bf2 d4 16. g4 Nb4 17. Bxb7 Qxb7 18. Ng3 Bd6 19. f5 Bxg3 20. Bxg3 Qc6 21. Rf2 Nf6 22. Bh4 Rfe8 23. Bxf6 Qxf6 24. Ne4 Qh6 25. Rf3 c4 26. Qe2 Qc6 27. Rf4 Nd5 28. Rf3 cxd3 29. cxd3 Nf6 30. Nxf6+ Qxf6 31. Qd2 h6 32. a5 bxa5 33. Qxa5 Re2 34. Qxa6 Qe5 0-1